1923 1814 1233 1592 1700 1801 1021 1006 1480 1736 1388 1450 1385 1548 1180 1283 1638 1001 1443 1934 1792 1518 1926 1799 1990 1853 1496 1529 1451 1872 1185 1734 1252 1696 1329 1838 1364 1934 1881 1695 1267 1247 1850 1644 1854 1932 1670 1863 1399 1618 1187 1850 1812 1841 1515 1562 1082 1545 1586 1232 1704 1478 1828 1296 1900 1956 1369 1639 1588 1873 1015 1885 1244 1030 1619 1269 1425 1697 1089 1481 1908 1076 1241 1458 1195 1932 1765 1308 1246 1840 1601 1187 1858 1280 1878 1937 1197 1063 1729 BCNSPRNW ULIB Ver.6.0+V

เปลี่ยนเป็นภาษาไทย

Change to English
 แสดงรายละเอียดบรรณานุกรม
  กลับหน้าหลัก

Brief Record : Get Marc (ISO 2709) : E-mail record : QR code < ปิดหน้าต่าง
LEADER : 00000nam 2200000uu 4500
001    13399121325
003     ULIB
008    121115s2552||||th 000 0 tha d
099    วจ.WY18^bจ533ก
100 0  จิราพร วัฒนศรีสิน และ ภาวดี เหมทานนท์
245 00 การพัฒนารูปแบบการเรียนรู้เพื่อสอบขึ้นทะเบียนประกอบวิชาชีพการพยาบาลและการผดุงครรภ์ ชั้นหนึ่ง ของนักศึกษาพยาบาลศาสตร์ ชั้นปีที่ 4 วิทยาลัยพยาบาลบรมราชชนนี นครศรีธรรมราช/^cจิราพร วัฒนศรีสิน และ ภาวดี เหมทานนท์
246 0  Development of learning model for nursing license examination for nursing student of Borommarajonani college of nursing nakhon Si Thammarat
260    ^c2552
650  0 การสอบ^x
700 0  ภาวดี เหมทานนท์
945    ^p0^l0^i033084
995    เกษร
999    ^aใช้งานได้ทุกระบบ
รายการนี้ยังไม่มีแท็ก
คุณยังไม่ได้ล็อกอิน คุณสามารถมีกิจกรรมร่วมกับเว็บไซต์ได้ แต่ต้องล็อกอินก่อน ::
  ล็อกอิน

รายการสื่อสารสนเทศ

ลำดับที่ ประเภท เลขเรียก/บาร์โค้ด สถานที่ สถานะ
1. งานวิจัย
งานวิจัย
วจ.WY18 จ533ก  
  Barcode: 033084
ห้องสมุดวิทยาเขตนครสวรรค์
►วิจัย:l:Research Room
บนชั้น

รายการใกล้เคียง
    หัวเรื่อง [การสอบ]

BibComment


ยังไม่เคยถูกคอมเมนท์

คอมเมนท์ทรัพยากรรายการนี้
  คอมเมนท์: การพัฒนารูปแบบการ..


 Copyright 2026. Bcnsprnw @Library